• 首页
  • 本馆介绍
  • 公告通知
  • 最新文献
  • 馆藏检索
  • 电子资源
  • 读者导购
  • 参考咨询
  • 我的图书馆
  • 登录
  • 详细信息显示
  • 放入我的书架
  • 预约/预借图书
  • 作者相关作品
  • 分类相关作品
  • 丛书相关作品
  • 出版社相关作品

书目信息

  • 表格格式
  • 工作单格式
  • 卡片格式
题名:
大学英语四级全方攻略
    
 
作者: 季明雨 总主编
分册:   词汇与语法
出版信息: 广州   中山大学出版社  2002
页数: 84页
开本: 26cm
丛书名:
单 册:
中图分类: H310.42
科图分类:
主题词: 英语
电子资源:
ISBN: 7-306-01872-8
000 00699nam0 2200229 45
001 012002052469
005 20070608145657.71
010    @a7-306-01872-8@dCNY15.00
100    @a20020701d2002 em y0chiy0110 ea
101 0  @achi@aeng
102    @aCN@b440000
105    @ay zq 000yy
200 1  @a大学英语四级全方攻略@9da xue ying yu si ji quan fang gong lue@i词汇与语法@f季明雨总主编
210    @a广州@c中山大学出版社@d2002
215    @a84页@d26cm
510 1  @aStrategies for CET-4@iWriting@zeng
517 1  @a词汇与语法@Aci hui yu yu fa
606 0  @a英语
690    @aH310.42@v4
701  0 @a季明雨@9ji ming yu@4总主编
801    @aCN@bTSTC@c20070608
905    @b323448-457@dH310.42@e1063:1@f10
    
    大学英语四级全方攻略.词汇与语法/季明雨总主编.-广州:中山大学出版社,2002
    84页;26cm
    
    
    ISBN 7-306-01872-8:CNY15.00
    
●
相关链接 在E读中查询图书 在五车中查询图书 在当当中查询图书 在豆瓣中查询图书


正题名:大学英语四级全方攻略     索取号:H310.42/1063:1         预约/预借

序号 登录号 条形码 馆藏地/架位号 状态 备注
1 0517330   205173300   第二样本阅览室/ [索取号:H310.42/1063:1] 在馆    
2 0517331   205173319   密集书库/ [索取号:H310.42/1063:1] 在馆    
唐山师范学院图书馆 欢迎您!
大连网信软件有限公司© 版权所有